Zelený dom
V široko komponovanom románe Zelený dom sa autorovi pomocou originálnych rozprávačských postupov podarilo pôsobivo zachytiť strhujúci obraz života obyvateľov Piuri, mestečka kdesi na severe Amazonky.
| Main Author: | |
|---|---|
| Other Authors: | |
| Format: | CD Audio |
| Language: | Slovak Spanish |
| PhysicalDescription: | 1 elektronický optický disk (CD-ROM) digitálny, mono, MP3 12 cm |
| Published: |
Levoča
Slovenská knižnica pre nevidiacich Mateja Hrebendu
2022
|
| ISBN: | 9788018108192 |
| Subjects: |
MARC
| LEADER | 00000nim a2200000 a 4500 | ||
|---|---|---|---|
| 001 | vtls012140513 | ||
| 003 | SK-MaSNL | ||
| 005 | 20260301151312.0 | ||
| 007 | sd fsngnnmmnud | ||
| 008 | 220622s2022 xo nnnnfs f n slo | ||
| 015 | |a SNBJ2023 | ||
| 020 | |a 9788018108192 |q (zvuková kniha) | ||
| 040 | |a SNK |b slo |c SNK |e AACR2 | ||
| 041 | 1 | |a slo |h spa | |
| 044 | |a xo |c SK | ||
| 080 | |a (086.76) |2 2001 | ||
| 100 | 1 | |a Vargas Llosa, Mario, |d 1936-2025 |4 aut |9 255347 | |
| 245 | 1 | 0 | |a Zelený dom |h elektronický zdroj |c Mario Vargas Llosa ; číta: Dušan Ružička |
| 260 | |a Levoča |b Slovenská knižnica pre nevidiacich Mateja Hrebendu |c 2022 | ||
| 300 | |a 1 elektronický optický disk (CD-ROM) |b digitálny, mono, MP3 |c 12 cm | ||
| 306 | |a 163000 | ||
| 520 | 8 | |a V široko komponovanom románe Zelený dom sa autorovi pomocou originálnych rozprávačských postupov podarilo pôsobivo zachytiť strhujúci obraz života obyvateľov Piuri, mestečka kdesi na severe Amazonky. | |
| 521 | |a pre nevidiacich, slabozrakých a inak zdravotne postihnutých | ||
| 655 | 7 | |a zvukové záznamy |2 SNKPH |9 70720 | |
| 655 | 7 | |a spoločenské romány |2 SNKPH |9 70538 | |
| 655 | 7 | |a CD-ROM |2 SNKPH |9 70236 | |
| 700 | 1 | |a Ružička, Dušan |4 nrt |9 302676 | |
| 752 | |a Slovensko |d Levoča | ||
| 919 | |a 978-80-18-10819-2 | ||
| 999 | |c 786236 |d 788166 | ||
| 952 | |t 1 |a SNK |b SNK |c SNK_KF |y PREZ |7 8 |p 17A1540629 |o snkSCD 6592 |i snk2023/18598 |8 0 |0 0 |1 0 |4 0 |d 2023-12-29 |l 0 |r 2026-02-24 01:20:22 |w 2026-02-24 | ||


